[Event "Eastpointe (EDO/1b/9)"]
[Site "?"]
[Date "1993.??.??"]
[Round "?"]
[White "Sturgis, Derreck"]
[Black "Paldan, G."]
[Result "0-1"]
[WhiteElo "1605"]
[BlackElo "1850"]
[PlyCount "58"]
[EventDate "1993.??.??"]

1. Nf3 Nf6 2. d4 g6 3. c4 Bg7 4. Nc3 O-O 5. e4 d6 6. Bd3 Nbd7 7. Bg5 h6 8. Bf4
Nh5 9. Qd2 Nxf4 10. Qxf4 e5 11. Qe3 c6 12. d5 Nf6 13. O-O-O c5 14. Nh4 a6 15.
h3 b5 16. cxb5 axb5 17. Bxb5 Bd7 18. Bc4 Qa5 19. f4 exf4 20. Qxf4 Qb6 21. g4 g5
22. Qg3 gxh4 23. Qxh4 Nxe4 24. Rd3 Nxc3 25. bxc3 Rab8 26. Rh2 Qb1+ 27. Kd2 Qb2+
28. Ke3 Qxh2 29. g5 Rbe8+ 0-1

[Event "Eastpointe (EDO/4/21)"]
[Site "?"]
[Date "1993.??.??"]
[Round "?"]
[White "Sturgis, Derreck"]
[Black "Durrett, R."]
[Result "1/2-1/2"]
[WhiteElo "1605"]
[BlackElo "1605"]
[PlyCount "80"]
[EventDate "1993.??.??"]

{4/(21)} 1. Nf3 Nf6 2. d4 e6 3. c4 d5 4. Nc3 Bb4 5. Bd2 Bxc3 6. Bxc3 O-O 7. e3
Qd6 8. c5 Qe7 9. Bd3 Bd7 10. b4 a6 11. O-O Bc6 12. a4 Ne4 13. Bb2 Nd7 14. Bxe4
dxe4 15. Nd2 f5 16. f3 Nf6 17. fxe4 Nxe4 18. Nf3 Ng5 19. Ne5 Nh3+ 20. gxh3 Qg5+
21. Kf2 Qg2+ 22. Ke1 Qxh3 23. Nxc6 bxc6 24. Qb3 Qxh2 25. Qxe6+ Kh8 26. d5 Qxb2
27. Rd1 Qc3+ 28. Ke2 Rad8 29. Rd3 Qxb4 30. Rxf5 Qxc5 31. Qxc6 Qxc6 32. Rxf8+
Rxf8 33. dxc6 h5 34. Rd7 Rc8 35. Kf3 Kh7 36. e4 h4 37. Kg4 h3 38. Kxh3 Kg6 39.
Kg4 Kf6 40. Kf4 g5+ 1/2-1/2

[Event "Troy (TCC/M/1b/2)"]
[Site "?"]
[Date "1993.??.??"]
[Round "?"]
[White "Strugach, L."]
[Black "Mills, J."]
[Result "1-0"]
[WhiteElo "2345"]
[BlackElo "2205"]
[PlyCount "69"]
[EventDate "1993.??.??"]

1. d4 Nf6 2. Nf3 g6 3. c4 Bg7 4. Nc3 O-O 5. e4 d6 6. Be2 e5 7. d5 Nbd7 8. Bg5
h6 9. Bh4 Re8 10. Nd2 Nf8 11. b4 a5 12. bxa5 Rxa5 13. Nb3 Ra8 14. f3 g5 15. Bf2
Ng6 16. O-O Nf4 17. Re1 N6h5 18. Bf1 g4 19. fxg4 Qg5 20. h3 Nf6 21. g3 h5 22.
h4 Qg6 23. g5 Ng4 24. Nb5 Nxf2 25. Kxf2 Nh3+ 26. Bxh3 Bxh3 27. Nxc7 f5 28. Nxa8
Rxa8 29. Re3 fxe4 30. Kg1 Rf8 31. Nd2 Bg4 32. Qc2 Bf3 33. Rxf3 exf3 34. Qxg6
f2+ 35. Kf1 1-0

[Event "Troy (TCC/M/4/2)"]
[Site "?"]
[Date "1993.??.??"]
[Round "?"]
[White "Strugach, L."]
[Black "Basin, Leonid"]
[Result "1/2-1/2"]
[WhiteElo "2345"]
[BlackElo "2485"]
[PlyCount "41"]
[EventDate "1993.??.??"]

{4/(2)} 1. d4 Nf6 2. Nc3 c5 3. d5 g6 4. e4 d6 5. Nf3 Bg7 6. Be2 O-O 7. O-O Na6
8. Nd2 Nc7 9. a4 e5 10. Nc4 Nfe8 11. f4 exf4 12. Bxf4 Bd4+ 13. Kh1 f6 14. Bd3
Qe7 15. Qf3 Bd7 16. Qg3 Be5 17. Bxe5 fxe5 18. Rxf8+ Kxf8 19. Ne3 Ng7 20. Be2
Kg8 21. Rf1 1/2-1/2

[Event "Troy (TCC/M/5/3)"]
[Site "?"]
[Date "1993.??.??"]
[Round "?"]
[White "Strugach, L."]
[Black "Andrews, R."]
[Result "1-0"]
[WhiteElo "2345"]
[BlackElo "2230"]
[PlyCount "95"]
[EventDate "1993.??.??"]

{5/(3)} 1. d4 d5 2. Nc3 Nf6 3. Bg5 Nbd7 4. Nf3 g6 5. e3 Bg7 6. Bd3 O-O 7. O-O
c5 8. Ne5 Nxe5 9. dxe5 Ng4 10. Be2 Nxe5 11. Nxd5 f6 12. Bf4 e6 13. Nc3 Nf7 14.
e4 Qe7 15. Bc4 Bd7 16. Qe2 Bc6 17. Rfd1 Rad8 18. Rxd8 Rxd8 19. Rd1 Rd4 20. Be3
Rxd1+ 21. Qxd1 b6 22. f3 Nd6 23. Bf1 f5 24. exf5 Nxf5 25. Bf2 Bd4 26. Qe1 Qf6
27. Nd1 Bd5 28. c3 Bxf2+ 29. Nxf2 Qg5 30. Ne4 Qe3+ 31. Qxe3 Nxe3 32. Nf6+ Kf7
33. Nxd5 exd5 34. Be2 Ke6 35. Kf2 d4 36. cxd4 cxd4 37. f4 Kd5 38. Kf3 Nc2 39.
g4 Nb4 40. a3 Na2 41. Bd3 Nc1 42. Be4+ Kc4 43. f5 gxf5 44. gxf5 Nb3 45. f6 Nd2+
46. Kf4 Nxe4 47. Kxe4 d3 48. Ke3 1-0

[Event "East Lansing (MOR/4/54)"]
[Site "?"]
[Date "1993.??.??"]
[Round "?"]
[White "Stone, Rick"]
[Black "Kenworthy, Mark"]
[Result "0-1"]
[WhiteElo "1605"]
[BlackElo "1605"]
[PlyCount "88"]
[EventDate "1993.??.??"]

{4/(54)} 1. e4 e5 2. Nf3 d6 3. Nc3 Nf6 4. Bc4 Be6 5. d3 d5 6. Bb5+ Nbd7 7. a3
c6 8. Ba4 Bc5 9. O-O Bd4 10. Bd2 Bg4 11. h3 h5 12. Bg5 Qb6 13. Bh4 O-O-O 14.
Qd2 Rh6 15. Ng5 Rf8 16. Kh2 Ng8 17. f3 Be3 18. Qe1 Bf4+ 19. Kh1 f6 20. Ne6 Bxe6
21. Bf2 d4 22. Ne2 Bg5 23. Bb3 Bxb3 24. cxb3 f5 25. Ng3 Ne7 26. exf5 Nxf5 27.
Ne4 Bf4 28. h4 Rg6 29. Rg1 Nf6 30. g3 Be3 31. Qf1 Nxe4 32. Bxe3 Nxe3 33. Qh3+
Rf5 34. fxe4 Ng4 35. Raf1 Rxf1 36. Qxf1 Rf6 37. Qe2 Rf2 38. Rg2 Rxe2 39. Rxe2
Qxb3 40. Rg2 Qd1+ 41. Rg1 Qf3+ 42. Rg2 Qxd3 43. Rg1 Qxe4+ 44. Rg2 d3 0-1

[Event "East Lansing (MOR/1b/29)"]
[Site "?"]
[Date "1993.??.??"]
[Round "?"]
[White "Stone, Rick"]
[Black "Distefano, R."]
[Result "0-1"]
[WhiteElo "1605"]
[BlackElo "1605"]
[PlyCount "76"]
[EventDate "1993.??.??"]

1. d4 Nf6 2. Nf3 e6 3. Nc3 Bb4 4. e3 Ne4 5. Ne5 Nxc3 6. Qd2 Nd5 7. c3 Be7 8.
Be2 d6 9. Nf3 O-O 10. O-O Nd7 11. Bd3 c5 12. b3 cxd4 13. Nxd4 a6 14. Bb1 Qc7
15. Qc2 N7f6 16. e4 Nb6 17. e5 dxe5 18. Bg5 Nbd7 19. Re1 exd4 20. Qd2 Qxc3 21.
Rc1 Qxd2 22. Bxd2 Ba3 23. Rc3 dxc3 24. Bxc3 b5 25. Bd3 Bb7 26. Bf1 Rac8 27. Bd4
Rc1 28. Bc3 Rxc3 29. Re1 Rc1 30. Re3 Bc5 31. Re2 Be4 32. h3 Bd3 33. b4 Bxe2 34.
bxc5 Rxf1+ 35. Kh2 Nxc5 36. g4 Rxf2+ 37. Kg3 Nfe4+ 38. Kh4 g5+ 0-1

[Event "East Lansing (MOR/7/47)"]
[Site "?"]
[Date "1993.??.??"]
[Round "?"]
[White "Stone, Rick"]
[Black "Caron, L."]
[Result "0-1"]
[WhiteElo "1605"]
[BlackElo "1605"]
[PlyCount "100"]
[EventDate "1993.??.??"]

{7/(47)} 1. e4 c5 2. Bc4 Nf6 3. Nc3 d6 4. Nf3 e6 5. d3 Be7 6. O-O Bd7 7. Bf4 a6
8. a3 b5 9. Ba2 Bc6 10. d4 d5 11. dxc5 Bxc5 12. Bxb8 Rxb8 13. Ne5 Qd6 14. b4
Bb6 15. Nxc6 Qxc6 16. exd5 exd5 17. Qe2+ Kd7 18. Rad1 Rhe8 19. Qf3 Re5 20. Qf4
Rbe8 21. Qd2 Kd6 22. Bb3 R8e7 23. Na2 Re2 24. Qf4+ R7e5 25. Nc1 R2e4 26. Qd2
Ng4 27. Nd3 Rf5 28. h3 Ne5 29. c3 Nc4 30. Qa2 f6 31. Bc2 Re2 32. Ne1 Rfxf2 33.
Nd3 Rxc2 34. Qb1 Nxa3 35. Qb3 Rfe2+ 36. Nf2 Bxf2+ 37. Kh2 Rxc3 38. Qxd5+ Qxd5
39. Rxd5+ Kxd5 40. Rd1+ Bd4 41. Rf1 Be5+ 42. Kh1 Rg3 43. Rd1+ Bd4 44. Kh2
Rexg2+ 45. Kh1 g5 46. Rf1 Ke5 47. Re1+ Kf5 48. Re7 Kg6 49. Rd7 Rg1+ 50. Kh2
R3g2# 0-1

[Event "East Lansing (MOR/3/53)"]
[Site "?"]
[Date "1993.??.??"]
[Round "?"]
[White "Stone, Rick"]
[Black "Boyer, Mike"]
[Result "0-1"]
[WhiteElo "1605"]
[BlackElo "1605"]
[PlyCount "20"]
[EventDate "1993.??.??"]

{3/(53)} 1. e4 e5 2. Nf3 Nf6 3. Be2 d6 4. O-O Nxe4 5. d3 Nf6 6. Na3 Nd5 7. Nc4
Qf6 8. c3 Qg6 9. d4 Bh3 10. Re1 Qxg2# 0-1

[Event "Flint (Class C/3)"]
[Site "?"]
[Date "1993.??.??"]
[Round "?"]
[White "Stockton, T."]
[Black "Williams, Claude"]
[Result "1-0"]
[WhiteElo "1605"]
[BlackElo "1605"]
[PlyCount "61"]
[EventDate "1993.??.??"]

1. e4 c5 2. Nf3 Nc6 3. d4 cxd4 4. Nxd4 g6 5. c4 Nf6 6. Nc3 Bg7 7. Be3 O-O 8.
Be2 b6 9. O-O Bb7 10. Re1 Rc8 11. f3 d6 12. g3 Nd7 13. Qd2 Nde5 14. b3 Nxd4 15.
Bxd4 f6 16. f4 Nf7 17. Bg4 Rc6 18. Be6 Kh8 19. Rad1 Nh6 20. Nb5 Qa8 21. Bd7 Rc5
22. Bxc5 dxc5 23. Nc7 Qb8 24. Ne6 Rf7 25. Nxg7 Kxg7 26. Be6 Rf8 27. Qd7 Ng8 28.
Bxg8 Kxg8 29. Qxe7 Re8 30. Qxf6 Bxe4 31. Rd7 1-0

[Event "Flint (Class C/1)"]
[Site "?"]
[Date "1993.??.??"]
[Round "?"]
[White "Stockton, T."]
[Black "Wheeler, R."]
[Result "0-1"]
[WhiteElo "1605"]
[BlackElo "1605"]
[PlyCount "98"]
[EventDate "1993.??.??"]

1. e4 e5 2. Nf3 d5 3. Nxe5 Bd6 4. d4 dxe4 5. Nc3 Bxe5 6. dxe5 Qxd1+ 7. Kxd1 Nc6
8. Bf4 Bf5 9. e6 O-O-O+ 10. Kc1 fxe6 11. Bb5 Nge7 12. Re1 Nd4 13. Ba4 Nd5 14.
Nxd5 exd5 15. Be3 Ne6 16. c3 Rd6 17. Bb3 a6 18. Kc2 c5 19. Rad1 Rhd8 20. Kc1 d4
21. Bxe6+ Bxe6 22. Bf4 Rb6 23. b3 Bf5 24. cxd4 cxd4 25. Bd2 Bg4 26. Ba5 Rc6+
27. Kb2 Bxd1 28. Bxd8 Rc2+ 29. Kb1 Kxd8 30. Rxd1 d3 31. f3 Rxg2 32. fxe4 d2 33.
h3 Re2 34. Kc2 Rxe4 35. Rxd2+ Ke7 36. Kd3 Rh4 37. Re2+ Kd6 38. Re3 Kd5 39. a3
g5 40. Rg3 h6 41. Ke3 Ke5 42. Kf3 Rd4 43. Ke3 Re4+ 44. Kd3 Kf5 45. Rf3+ Rf4 46.
Rg3 h5 47. Re3 g4 48. hxg4+ hxg4 49. Ke2 Re4 0-1

[Event "Ann Arbor (HVA/3/18)"]
[Site "?"]
[Date "1993.??.??"]
[Round "?"]
[White "Stockton, T."]
[Black "Thomas, Willie"]
[Result "1-0"]
[WhiteElo "1605"]
[BlackElo "1605"]
[PlyCount "23"]
[EventDate "1993.??.??"]

{3/(18)} 1. e4 c6 2. d4 d5 3. Nc3 dxe4 4. Nxe4 Bf5 5. Ng3 Bg6 6. h4 h6 7. Nf3
Nf6 8. Bc4 Nbd7 9. O-O e6 10. Re1 Be7 11. c3 O-O 12. Qe2 {[Remainder illegible;
1-0, 23?]} 1-0

[Event "Gaylord (NMO/4/8)"]
[Site "?"]
[Date "1993.??.??"]
[Round "?"]
[White "Stockton, T."]
[Black "Sawaski, J."]
[Result "1-0"]
[WhiteElo "1605"]
[BlackElo "1820"]
[PlyCount "87"]
[EventDate "1993.??.??"]

{4/(8)} 1. e4 c6 2. d4 d5 3. Nc3 dxe4 4. Nxe4 Nd7 5. Nf3 Ngf6 6. Ng3 Qc7 7. Bd3
e6 8. O-O c5 9. Re1 cxd4 10. Nxd4 Nb6 11. Ngf5 g6 12. Nb5 Qd7 13. Nfd6+ Bxd6
14. Nxd6+ Qxd6 15. Bb5+ Ke7 16. Qf3 Qc5 17. a4 a6 18. Be3 Qf5 19. Bxb6 axb5 20.
Qa3+ Ke8 21. Rad1 Nd5 22. Qd6 Qf6 23. Rxd5 Rf8 24. a5 Qe7 25. Qd8+ Qxd8 26.
Rxd8+ Ke7 27. Red1 Bd7 28. Rxf8 Kxf8 29. Rxd7 Rc8 30. Rd8+ Rxd8 31. Bxd8 Ke8
32. Bg5 Kd7 33. f3 Kc6 34. Kf2 Kc5 35. Ke3 Kd5 36. b3 Kc5 37. Ke4 Kb4 38. Bd8
Kc3 39. Be7 b4 40. Ke5 Kxc2 41. Bxb4 Kxb3 42. Bc5 Kc4 43. Bb6 Kd3 44. Kd6 1-0

[Event "Gaylord (NMO/1/9)"]
[Site "?"]
[Date "1993.??.??"]
[Round "?"]
[White "Stockton, T."]
[Black "Raftshol, W."]
[Result "1-0"]
[WhiteElo "1605"]
[BlackElo "1870"]
[PlyCount "61"]
[EventDate "1993.??.??"]

{1/(9)} 1. e4 e5 2. Nf3 f5 3. Nxe5 Qf6 4. d4 d6 5. Nc4 fxe4 6. Nc3 Qg6 7. Ne3
Nf6 8. Be2 Nc6 9. Ncd5 Qf7 10. Nxf6+ Qxf6 11. Nd5 Qf7 12. c4 Be6 13. Ne3 d5 14.
O-O O-O-O 15. cxd5 Bxd5 16. Bg4+ Kb8 17. f3 Bc4 18. Nxc4 Qxc4 19. fxe4 Nxd4 20.
Bf4 Bc5 21. Kh1 Nc2 22. Qc1 Qxe4 23. Bf5 Qxf5 24. Bxc7+ Kxc7 25. Rxf5 Nxa1 26.
Qxc5+ Kb8 27. Qc1 Nc2 28. Qxc2 Rc8 29. Rc5 Rxc5 30. Qxc5 Rc8 31. Qd6+ 1-0

[Event "Flint (Class C/5)"]
[Site "?"]
[Date "1993.??.??"]
[Round "?"]
[White "Stockton, T."]
[Black "Landon, Jason"]
[Result "0-1"]
[WhiteElo "1605"]
[BlackElo "1605"]
[PlyCount "94"]
[EventDate "1993.??.??"]

1. e4 e6 2. d4 d5 3. Nc3 Bb4 4. exd5 exd5 5. Nf3 Bg4 6. Be2 Nf6 7. O-O O-O 8.
Bg5 Bxc3 9. bxc3 Qd6 10. Re1 Ne4 11. Bd2 Re8 12. Ne5 Bxe2 13. Rxe2 Nd7 14. Rb1
b6 15. Nxd7 Qxd7 16. f3 Nxd2 17. Rxe8+ Rxe8 18. Qxd2 Qe6 19. Kf2 h6 20. Re1
Qxe1+ 21. Qxe1 Rxe1 22. Kxe1 f5 23. Ke2 Kf7 24. Kd3 b5 25. c4 bxc4+ 26. Kc3 Ke7
27. Kb4 Kd6 28. f4 g5 29. g3 gxf4 30. gxf4 h5 31. h4 Kc6 32. Ka5 Kb7 33. Kb5
c6+ 34. Kc5 Kc7 35. c3 Kd7 36. a3 Kc7 37. a4 Kd7 38. Kb4 Kd6 39. Ka5 c5 40.
dxc5+ Kxc5 41. Ka6 d4 42. a5 dxc3 43. Kxa7 c2 44. Ka8 c1=Q 45. a6 Qxf4 46. a7
Qe4+ 47. Kb8 Kb6 0-1

[Event "Gaylord (NMO/3/6)"]
[Site "?"]
[Date "1993.??.??"]
[Round "?"]
[White "Stockton, T."]
[Black "Andrews, Steve"]
[Result "0-1"]
[WhiteElo "1605"]
[BlackElo "2235"]
[PlyCount "76"]
[EventDate "1993.??.??"]

{3/(6)} 1. e4 Nf6 2. Nc3 e5 3. Bc4 Bb4 4. Nf3 d6 5. h3 O-O 6. d3 h6 7. O-O c6
8. Bb3 Nbd7 9. Ne2 Nc5 10. c3 Nxb3 11. axb3 Bc5 12. Be3 Bxe3 13. fxe3 Qb6 14.
Qd2 Qxb3 15. Nh4 Nh7 16. Ng3 g6 17. d4 Qe6 18. d5 Qe7 19. Nf3 c5 20. Qf2 Bd7
21. Nd2 Bb5 22. c4 Bd7 23. Ra3 a6 24. Nb3 b6 25. Nd2 a5 26. Rb3 Rab8 27. Ra3 a4
28. b3 b5 29. bxa4 bxa4 30. Ne2 Rb2 31. Nc3 Qd8 32. Nxa4 Bxa4 33. Rxa4 Ng5 34.
Qe1 Qb6 35. h4 Nh7 36. Rf2 Rb8 37. Qa1 Qd8 38. Nf3 Rb1+ 0-1

[Event "Flint (Class B/3)"]
[Site "?"]
[Date "1993.??.??"]
[Round "?"]
[White "Stockman, David"]
[Black "Rostrom, Richard"]
[Result "1-0"]
[WhiteElo "1675"]
[BlackElo "1605"]
[PlyCount "51"]
[EventDate "1993.??.??"]

1. d4 Nf6 2. Nf3 g6 3. e3 Bg7 4. c4 O-O 5. Be2 d6 6. Nc3 Nbd7 7. O-O e5 8. b4
b6 9. a4 a5 10. bxa5 Rxa5 11. Nb5 Ra8 12. Bd2 Ba6 13. Qc2 Bxb5 14. cxb5 exd4
15. Nxd4 Nc5 16. Bf3 d5 17. Nc6 Qd7 18. Bb4 Nfe4 19. Rad1 Rfe8 20. Bxc5 bxc5
21. Bxe4 Rxe4 22. Qxe4 dxe4 23. Rxd7 Rxa4 24. Rxc7 Bf6 25. Ra7 Rc4 26. b6 1-0

[Event "East Lansing (MOR/3/24)"]
[Site "?"]
[Date "1993.??.??"]
[Round "?"]
[White "Stockman, David"]
[Black "Repas, B."]
[Result "0-1"]
[WhiteElo "1675"]
[BlackElo "1605"]
[PlyCount "24"]
[EventDate "1993.??.??"]

{3/(24)} 1. d4 d5 2. Nf3 Nf6 3. e3 Nc6 4. Bd3 Bg4 5. c4 e5 6. cxd5 Qxd5 7. Nc3
Bb4 8. dxe5 Bxc3+ 9. bxc3 Nxe5 10. Qa4+ Bd7 11. Qd4 Qxd4 12. cxd4 Nxd3+ 0-1

[Event "Lansing (MI Am/4)"]
[Site "?"]
[Date "1993.??.??"]
[Round "?"]
[White "Stockman, David"]
[Black "Pontoni, M."]
[Result "1-0"]
[WhiteElo "1660"]
[BlackElo "1605"]
[PlyCount "27"]
[EventDate "1993.??.??"]

1. d4 g6 2. e4 d6 3. Nf3 Bg7 4. Bc4 Nf6 5. Qe2 b6 6. Bg5 O-O 7. Nc3 Bb7 8. e5
Bxf3 9. Qxf3 dxe5 10. Qxa8 Qxd4 11. Bd3 Qd7 12. Qxa7 Qg4 13. Bxf6 Qxg2 14. Be4
1-0

[Event "East Lansing (MOR/6/31)"]
[Site "?"]
[Date "1993.??.??"]
[Round "?"]
[White "Stockman, David"]
[Black "Mitchell, Dave"]
[Result "1-0"]
[WhiteElo "1675"]
[BlackElo "1605"]
[PlyCount "87"]
[EventDate "1993.??.??"]

{6/(31)} 1. d4 Nf6 2. Nf3 d5 3. Bg5 e6 4. e3 Be7 5. Nbd2 Nc6 6. c3 Bd7 7. Bd3
Ne4 8. Nxe4 dxe4 9. Bxe7 Qxe7 10. Bxe4 O-O-O 11. O-O e5 12. Qb3 exd4 13. Bxc6
Bxc6 14. Nxd4 Qe4 15. Nxc6 Qxc6 16. Qxf7 Rd7 17. Qf5 Kb8 18. Rad1 Rhd8 19. Rd4
g6 20. Qg4 h5 21. Qe2 Rxd4 22. cxd4 Qe6 23. a3 Rxd4 24. Rd1 Rd5 25. Rxd5 Qxd5
26. Qf3 Qxf3 27. gxf3 Kc8 28. Kg2 Kd8 29. Kg3 Ke7 30. Kf4 Kf6 31. h4 Ke6 32.
Kg5 Kf7 33. f4 c5 34. f5 gxf5 35. Kxf5 b5 36. Ke5 Ke7 37. Kd5 c4 38. Kc5 a6 39.
Kb6 Kd6 40. f4 Kd5 41. Kxa6 Kc5 42. f5 Kd5 43. e4+ Kd6 44. Kxb5 1-0

[Event "Lansing (MI Am/2)"]
[Site "?"]
[Date "1993.??.??"]
[Round "?"]
[White "Stockman, David"]
[Black "Jackson, Don"]
[Result "1-0"]
[WhiteElo "1660"]
[BlackElo "1605"]
[PlyCount "51"]
[EventDate "1993.??.??"]

1. d4 d5 2. Nf3 Nf6 3. Bg5 h6 4. Bh4 c5 5. e3 e6 6. Nbd2 Bd7 7. Ne5 Be7 8. c3
O-O 9. Bd3 Ne8 10. Bxe7 Qxe7 11. O-O Nc6 12. Nxd7 Qxd7 13. dxc5 Ne5 14. Nf3
Nxf3+ 15. Qxf3 e5 16. Qf5 Nf6 17. Qxe5 Rac8 18. Bf5 Rce8 19. Qxf6 Qb5 20. Qd4
Qc6 21. Rfd1 Rd8 22. c4 g6 23. cxd5 Rxd5 24. Qxd5 gxf5 25. Qxc6 bxc6 26. Rd7
1-0

[Event "Flint (Class B/1)"]
[Site "?"]
[Date "1993.??.??"]
[Round "?"]
[White "Stockman, David"]
[Black "Foord, Allan"]
[Result "0-1"]
[WhiteElo "1675"]
[BlackElo "1605"]
[PlyCount "56"]
[EventDate "1993.??.??"]

1. d4 Nf6 2. Nf3 g6 3. Bg5 d5 4. e3 Bg7 5. Nbd2 O-O 6. Bd3 Nbd7 7. O-O c5 8. c3
Re8 9. e4 e5 10. exd5 cxd4 11. c4 h6 12. Bxf6 Nxf6 13. Re1 Qd6 14. Qb3 b6 15.
Re2 Bg4 16. Rae1 Nd7 17. h3 Bxf3 18. Nxf3 f5 19. Nxd4 a6 20. Ne6 Bf6 21. Re3 e4
22. Bb1 Rab8 23. Qc2 Nc5 24. Nxc5 bxc5 25. Rb3 Rxb3 26. axb3 Rb8 27. f3 Qg3 28.
Qf2 Bd4 0-1

[Event "East Lansing (MOR/1b/10)"]
[Site "?"]
[Date "1993.??.??"]
[Round "?"]
[White "Stockman, David"]
[Black "Beydoun, M."]
[Result "0-1"]
[WhiteElo "1675"]
[BlackElo "1605"]
[PlyCount "44"]
[EventDate "1993.??.??"]

1. d4 Nf6 2. Nf3 d5 3. e3 e6 4. Bd3 c5 5. b3 cxd4 6. exd4 Nc6 7. O-O g6 8. Bg5
Bg7 9. c3 O-O 10. Nbd2 Qc7 11. Qc2 e5 12. dxe5 Nxe5 13. Nxe5 Qxe5 14. Nf3 Qc7
15. Rac1 Bg4 16. Nd4 a6 17. Rfe1 Rac8 18. Qd2 Rfe8 19. h3 Rxe1+ 20. Rxe1 Qxc3
21. Qe3 Bd7 22. Qe7 Re8 0-1

[Event "Westland (MI Women/2/1)"]
[Site "?"]
[Date "1993.??.??"]
[Round "?"]
[White "Stinson, Darlene"]
[Black "Tucker, L."]
[Result "1/2-1/2"]
[WhiteElo "1605"]
[BlackElo "2070"]
[PlyCount "82"]
[EventDate "1993.??.??"]

{2/(1)} 1. e4 c5 2. Nf3 e6 3. d4 cxd4 4. Nxd4 Nf6 5. Nc3 Nc6 6. a3 Be7 7. Be2
O-O 8. O-O a6 9. Be3 d5 10. Bf3 Ne5 11. exd5 Nxf3+ 12. Qxf3 Nxd5 13. Nxd5 Qxd5
14. Qxd5 exd5 15. Rad1 Bg4 16. Rd2 Bf6 17. c3 Rfe8 18. Nc2 Rad8 19. Re1 Bf5 20.
Kf1 Bxc2 21. Rxc2 h6 22. Rce2 d4 23. Bxd4 Rxe2 24. Rxe2 Bxd4 25. cxd4 Rxd4 26.
Re8+ Kh7 27. Re7 b5 28. Rxf7 Rd1+ 29. Ke2 Rb1 30. b4 Rb2+ 31. Kd1 Ra2 32. Rf3
g5 33. g4 Kg6 34. h3 h5 35. Ke1 hxg4 36. hxg4 Ra1+ 37. Ke2 Ra2+ 38. Kf1 Ra1+
39. Kg2 Ra2 40. Kg3 Ra1 41. Kg2 Ra2 1/2-1/2

[Event "Flint (MI Jr/5)"]
[Site "?"]
[Date "1993.??.??"]
[Round "?"]
[White "Stinson, Darlene"]
[Black "Kenworthy, Matt"]
[Result "1-0"]
[WhiteElo "1605"]
[BlackElo "1605"]
[PlyCount "133"]
[EventDate "1993.??.??"]

1. e4 e5 2. Nf3 Nc6 3. Bb5 Nge7 4. c3 a6 5. Ba4 b5 6. Bc2 d5 7. d4 dxe4 8. Bxe4
f5 9. Bxc6+ Nxc6 10. dxe5 Qxd1+ 11. Kxd1 Bc5 12. Ke2 Be6 13. Nbd2 O-O 14. Re1
Rae8 15. Kf1 Rf7 16. b3 Rfe7 17. Bb2 Bd5 18. c4 bxc4 19. bxc4 Bxf3 20. Nxf3 Nb4
21. Red1 Rb8 22. Bc3 Nc2 23. Rab1 Ree8 24. Rxb8 Rxb8 25. Nd4 Rd8 26. Ke2 Nxd4+
27. Bxd4 Bxd4 28. f4 c5 29. Rb1 g5 30. g3 gxf4 31. gxf4 Kg7 32. Rb6 Ra8 33. Rf6
Rb8 34. Rxf5 Rb2+ 35. Kd3 Rxa2 36. e6 Bf6 37. Rxc5 a5 38. Rc7+ Kf8 39. Rxh7 a4
40. Rf7+ Ke8 41. Rxf6 Rxh2 42. Rf7 a3 43. Ra7 a2 44. Kc3 Rh3+ 45. Kb2 Rh2+ 46.
Kb3 Rf2 47. Rxa2 Rxf4 48. Ra7 Re4 49. e7 Re6 50. Kb4 Rb6+ 51. Kc5 Rb1 52. Kc6
Rc1 53. c5 Rd1 54. Kb6 Rb1+ 55. Kc7 Kxe7 56. Rb7 Ra1 57. c6 Ra8 58. Kb6+ Kd8
59. Kc5 Ra5+ 60. Kd6 Kc8 61. Re7 Kd8 62. c7+ Kc8 63. Re8+ Kb7 64. c8=Q+ Ka7 65.
Qa8+ Kb6 66. Qc6+ Ka7 67. Ra8# 1-0

[Event "Westland (MI Women/4/4)"]
[Site "?"]
[Date "1993.??.??"]
[Round "?"]
[White "Stinson, Darlene"]
[Black "Jackson, K."]
[Result "1-0"]
[WhiteElo "1605"]
[BlackElo "1605"]
[PlyCount "93"]
[EventDate "1993.??.??"]

{4/(4)} 1. e4 d5 2. c3 c5 3. Bd3 Nc6 4. h3 c4 5. Bc2 Nf6 6. Qe2 dxe4 7. Qxc4
Bf5 8. Ne2 e6 9. Ng3 Be7 10. Nxe4 Nxe4 11. Bxe4 Bxe4 12. Qxe4 O-O 13. O-O Qd5
14. Qxd5 exd5 15. d4 Bb4 16. Be3 Bd6 17. Nd2 Na5 18. Rac1 Nc4 19. Nxc4 dxc4 20.
b3 Ba3 21. Rc2 b5 22. bxc4 bxc4 23. Rd2 Rab8 24. d5 a6 25. d6 f6 26. Rfd1 Rb2
27. Rxb2 Bxb2 28. d7 Kf7 29. d8=Q Rxd8 30. Rxd8 Bxc3 31. Rc8 a5 32. Rxc4 Bb4
33. Kf1 g5 34. Ke2 h5 35. Kd3 Kg6 36. Bd2 Bd6 37. Bxa5 Be5 38. a4 h4 39. Bc7
Bb2 40. a5 Ba3 41. a6 Kh5 42. a7 g4 43. Rxg4 f5 44. Rg8 Bc5 45. a8=Q Bxf2 46.
Qe8+ Kh6 47. Qg6# 1-0

[Event "Flint (MI Jr/3)"]
[Site "?"]
[Date "1993.??.??"]
[Round "?"]
[White "Stinson, Darlene"]
[Black "Barker, Kyle"]
[Result "1-0"]
[WhiteElo "1605"]
[BlackElo "1605"]
[PlyCount "80"]
[EventDate "1993.??.??"]

1. e4 e5 2. Nf3 Nc6 3. Bb5 Na5 4. O-O c6 5. Ba4 Nf6 6. Re1 Bc5 7. Nxe5 d6 8.
Nf3 O-O 9. d4 Bb6 10. Qd3 c5 11. dxc5 Bxc5 12. Bg5 Qb6 13. Be3 Ng4 14. Bxc5
Qxc5 15. Qd4 f5 16. Qxc5 dxc5 17. exf5 Bxf5 18. Nbd2 a6 19. c4 b5 20. cxb5 axb5
21. Bxb5 Rab8 22. a4 Bc2 23. h3 Nf6 24. Rac1 Bf5 25. Rxc5 Bd7 26. Bxd7 Nb7 27.
Be6+ Kh8 28. Rb5 Nd6 29. Rxb8 Rxb8 30. b3 Re8 31. Bc4 Rxe1+ 32. Nxe1 Nxc4 33.
Nxc4 Nd5 34. Nd3 Nc3 35. a5 Nb5 36. b4 g6 37. a6 Kg7 38. Nde5 Kf6 39. Nc6 Ke6
40. a7 Nc7 1-0

[Event "Flint (MI Jr/2)"]
[Site "?"]
[Date "1993.??.??"]
[Round "?"]
[White "Stinson, Darlene"]
[Black "Baker, Derrick"]
[Result "1/2-1/2"]
[WhiteElo "1605"]
[BlackElo "1605"]
[PlyCount "72"]
[EventDate "1993.??.??"]

1. e4 d6 2. Nf3 g6 3. d4 Bg7 4. Be3 Nf6 5. Nc3 O-O 6. Qd2 Nc6 7. Bh6 Re8 8.
Bxg7 Kxg7 9. Bd3 e5 10. dxe5 Nxe5 11. Nxe5 Rxe5 12. O-O-O a6 13. Rde1 Bd7 14.
h3 h6 15. f4 Re7 16. f5 Re5 17. g4 Nh7 18. h4 g5 19. Qh2 gxh4 20. Qxh4 Qxh4 21.
Rxh4 Ng5 22. Reh1 Rh8 23. Rf1 f6 24. Rh2 Bc6 25. Re2 h5 26. gxh5 Rxh5 27. Rf4
Rh8 28. Nd5 Bxd5 29. exd5 Rxe2 30. Bxe2 Re8 31. Bd3 a5 32. c4 Re3 33. Kd2 Re7
34. a3 b6 35. b3 Re8 36. a4 Re7 1/2-1/2

[Event "East Lansing (MI Op/7/13)"]
[Site "?"]
[Date "1993.??.??"]
[Round "?"]
[White "Stigter, J."]
[Black "Steverson, Bunnard"]
[Result "1-0"]
[WhiteElo "2000"]
[BlackElo "1880"]
[PlyCount "77"]
[EventDate "1993.??.??"]

{7/(13)} 1. e4 c5 2. d4 cxd4 3. c3 dxc3 4. Nxc3 d6 5. Nf3 Nc6 6. Bc4 e6 7. O-O
a6 8. Qe2 Qc7 9. Rd1 b5 10. Bb3 Bb7 11. Bf4 Rd8 12. Rac1 Qb8 13. Ng5 Nf6 14.
Bxe6 fxe6 15. Nxe6 Kf7 16. Nxd8+ Nxd8 17. e5 Ne8 18. exd6 Bxd6 19. Bxd6 Nxd6
20. Qe5 Re8 21. Qh5+ Kf8 22. Qxh7 N6f7 23. Re1 Ne6 24. Re3 Qd6 25. Rce1 b4 26.
Ne2 Bc6 27. Qf5 Qd5 28. Qxd5 Bxd5 29. Nf4 Bxa2 30. Nxe6+ Bxe6 31. Rxe6 Ra8 32.
f4 a5 33. Rb6 Nh6 34. Re5 a4 35. Rxb4 a3 36. bxa3 Rxa3 37. h3 Ra1+ 38. Kh2 Rf1
39. Rbe4 1-0

[Event "East Lansing (MI Op/3/29)"]
[Site "?"]
[Date "1993.??.??"]
[Round "?"]
[White "Stigter, J."]
[Black "Scott, Steven"]
[Result "1-0"]
[WhiteElo "2000"]
[BlackElo "1915"]
[PlyCount "39"]
[EventDate "1993.??.??"]

{3/(29)} 1. e4 c5 2. d4 cxd4 3. c3 dxc3 4. Nxc3 d6 5. Nf3 e6 6. Bc4 Nf6 7. O-O
Be7 8. Qe2 O-O 9. Rd1 Qc7 10. Bg5 a6 11. Rac1 Nc6 12. Bb3 Qb8 13. h3 Bd7 14. e5
Ne8 15. exd6 Nxd6 16. Bf4 Na7 17. Ne4 Nac8 18. Nxd6 Bxd6 19. Bxd6 Bb5 20. Qe5
1-0

[Event "East Lansing (MI Op/1b/18)"]
[Site "?"]
[Date "1993.??.??"]
[Round "?"]
[White "Stigter, J."]
[Black "Pope, Nick"]
[Result "0-1"]
[WhiteElo "2000"]
[BlackElo "1805"]
[PlyCount "66"]
[EventDate "1993.??.??"]

1. e4 e5 2. Nf3 Nf6 3. Nxe5 d6 4. Nf3 Nxe4 5. d4 d5 6. Bd3 Bg4 7. O-O Be7 8. c4
O-O 9. cxd5 Ng5 10. Bxg5 Bxg5 11. Nc3 Bxf3 12. Qxf3 Qf6 13. Qh3 Qh6 14. Qf3 Qf6
15. Qd1 Qd8 16. Re1 Nd7 17. Ne4 Bh6 18. Qc2 g6 19. Nc5 Rb8 20. Ne6 fxe6 21.
dxe6 Re8 22. exd7 Qxd7 23. d5 Bf8 24. Re6 Bd6 25. Rae1 Re7 26. h4 Rf8 27. Qb3
Ref7 28. f3 Qd8 29. R1e4 Rf4 30. Rxf4 Rxf4 31. h5 Qh4 32. Bxg6 Bc5+ 33. Re3
Qe1+ 0-1